Los Caminos de la libertad / (Record no. 22904)

000 -CABECERA
fixed length control field 01311nam a22002657i 4500
003 - IDENTIFICADOR DEL NÚMERO DE CONTROL
control field AR-CdUCM
008 - DATOS DE LONGITUD FIJA--INFORMACIÓN GENERAL
fixed length control field 240521b20222022 pe||||| |||| 00| 0 spa d
020 ## - NÚMERO INTERNACIONAL ESTÁNDAR DEL LIBRO
ISBN 978-612-49070-5-0
040 ## - FUENTE DE LA CATALOGACIÓN
Agencia/entidad que catalogó originalmente la obra MUNICIPALIDAD PROVINCIAL DEL CUSCO
Entidad que transcribió la catalogación BIBLIOTECA MUNICIPAL DEL CUSCO
082 ## - NÚMERO DE LA CLASIFICACIÓN DECIMAL DEWEY
No. de Clasificación 985.04 / U85
Notacion interna U85
100 ## - ENTRADA PRINCIPAL--NOMBRE DE PERSONA
Nombre Personal Urrutia, Jaime.
245 ## - MENCIÓN DE TÍTULO
Título Los Caminos de la libertad /
260 ## - PUBLICACIÓN, DISTRIBUCIÓN, ETC.
Lugar de publicación, distribución, etc. Lima :
Nombre de la editorial, distribuidor, etc. Ministerio de Cultura del Perú,
-- Proyecto Especial Bicentenario de la Independencia del Perú,
Fecha de publicación, distribución, etc. 2022
300 ## - DESCRIPCIÓN FÍSICA
Nº de Páginas Extensión 154 páginas. :
Dimensiones 20 cm
500 ## - NOTA GENERAL
Bibliografía Bibliografía: páginas 147 - 151
505 ## - NOTA DE CONTENIDO CON FORMATO
Nota de contenido formateada La guerra en Charcas 1810 - 1814 -- 1814 Revolución de los Angulo -- Arenales, primer viaje a la sierra -- La batalla de Pasco -- Expedición de Guillermo Miller al sur -- San Martin y la independencia de 1821 -- Fracasos republicanos: las Campañas de intermedios -- Montoneras y partidas de guerrillas -- La campaña de Ayacucho
650 ## - PUNTO DE ACCESO ADICIONAL DE MATERIA--TÉRMINO DE MATERIA
Descriptor La guerra en Charcas 1810 - 1814
9 (RLIN) 49874
650 ## - PUNTO DE ACCESO ADICIONAL DE MATERIA--TÉRMINO DE MATERIA
Descriptor 1814 Revolución de los Angulo
9 (RLIN) 49875
650 ## - PUNTO DE ACCESO ADICIONAL DE MATERIA--TÉRMINO DE MATERIA
Descriptor Arenales, primer viaje a la sierra
9 (RLIN) 49876
650 ## - PUNTO DE ACCESO ADICIONAL DE MATERIA--TÉRMINO DE MATERIA
Descriptor La batalla de Pasco
9 (RLIN) 49877
650 ## - PUNTO DE ACCESO ADICIONAL DE MATERIA--TÉRMINO DE MATERIA
Descriptor Montoneras y partidas de guerrillas
9 (RLIN) 49878
856 ## - LOCALIZACIÓN Y ACCESO ELECTRÓNICOS
Dirección electrónica www.bicentenario.gob.pe/biblioteca
942 ## - ELEMENTOS DE PUNTO DE ACCESO ADICIONAL (KOHA)
Fuente de clasificación
Tipo de item Libros-BMC
945 ## - PROCESAMIENTO DE INFORMACIÓN LOCAL (OCLC)
Catalogador pbj
AAAA-MM-DD - Fecha de ingreso o modificacion 2024-05-21
Holdings
Estado de retiro (separado) Fuente de clasificación o esquema de estanterías Estado dañado Ubicación Sala donde se ubica Nombre de la colección Fecha de adquisición o compra Fuente de adquisición Costo, precio normal en soles Signatura topográfica Código de Barras Última vez visto (Koha) Tipo de ítem (Koha)
No     Sala Humanidades Sala Humanidades Book Cart 2024-05-21 Depósito Legal 20.00 985.04 / U85 SH0000016741 2024-05-21 Libros-BMC

Powered by Koha